[Mezinárodní bezpečnost na počátku 21. století]

Recenzia na učebnicu pedagóga Vysokej školy ekonomickej, Jana Eichlera, Mezinárodní bezpečnost na počátku 21. století. Učebný text poníma medzinárodné bezpečnostné vzťahy ako súčasť vednej disciplíny medzinárodné vzťahy a zameriava sa na vojenské i nevojenské súvislosti vzťahov medzi štátmi, medziná...

Ausführliche Beschreibung

Gespeichert in:
Bibliographische Detailangaben
1. Verfasser: Weiss, Peter
Format: Buchkapitel
Sprache:Slowakisch
Schlagworte:
Tags: Tag hinzufügen
Keine Tags, Fügen Sie das erste Tag hinzu!

MARC

LEADER 00000naa$a2200000$$$4500
001 0052941
005 20240502071618.0
041 0 |a slo 
044 |a SK 
245 1 0 |a [Mezinárodní bezpečnost na počátku 21. století]  |c Peter Weiss 
520 |a Recenzia na učebnicu pedagóga Vysokej školy ekonomickej, Jana Eichlera, Mezinárodní bezpečnost na počátku 21. století. Učebný text poníma medzinárodné bezpečnostné vzťahy ako súčasť vednej disciplíny medzinárodné vzťahy a zameriava sa na vojenské i nevojenské súvislosti vzťahov medzi štátmi, medzinárodnými organizáciami a najdôležitejšími neštátnymi aktérmi svetovej politiky. Učebnica je rozdelená na sedem kapitol. Každá kapitola obsahuje bohaté poznámky a odkazy na relevantnú literatúru v prípade záujmu čitateľa o ďalšie štúdium problematiky. 
610 2 0 |a politika medzinárodná 
610 2 0 |a politika zahraničná 
610 2 0 |a vzťahy medzinárodné 
610 2 0 |a konflikty 
610 2 0 |a vojny 
610 2 0 |a terorizmus 
610 2 0 |a bezpečnosť 
610 2 0 |a demokracia 
610 2 0 |a náboženstvo 
610 2 0 |a recenzie 
100 1 |a Weiss, Peter